MDQL
is popping MORE tags! Check the
thread
!
Quizzes
Events
Quiz Creation
Community
Videos
Private Events
Remove Ads
Sign In
Join for FREE
Feedback
Dark Mode
Quiz Categories
Sports
Geography
Music
Movies
Television
Just For Fun
Miscellaneous
History
Literature
Language
Science
Gaming
Entertainment
Religion
Holiday
For Kids
Quiz Lab
Recent
Popular Today
Quiz Kudos Today
Editor Picks
Curator Picks
Quizzes by...
Day
Popularity
Type
Ratings
Length
Year
Community
Subscriptions
Recent Discussions
Orange Saloon
Badges
Playlists
Quests
Create
Leaderboards
Showdown
Live 5
Trivia Bingo
Activity
Puzzle Library
Sporcle Events
Private Events
Virtual Trivia
Globe League
Become a Host
Pub Owners
SporcleCon
Opinionation
Our Games
Videos
Blog
Mobile Apps
Partnerships
Remove Ads and Go Orange
Feedback
Gaming
Video Games
Board Games
Card Games
Pokémon
Mario
Nintendo
Minecraft
Console
Toys
Legend of Zelda
Gaming
Video Games
Board Games
Card Games
Pokémon
Mario
Nintendo
Minecraft
Console
Toys
Legend of Zelda
Random Quiz
Search Sporcle
×
Quiz Lab
Quiz Lab
Gaming
Video Games
Type in answers that appear in a list
Type in answers that appear in a list
Classic
Best Score? Go Orange.
Default families in The Sims Stats
Can you remember the names of the default families that came with The Sims (from 2000)?
By
kirundist
10m
11 Questions
72 Plays
72 Plays
72 Plays
Comments
Comments
Give Quiz Kudos
Give Quiz Kudos
-
- Ratings
hide this ad
Replay
Link that replays current quiz
Next Quiz
Link to next quiz in quiz playlist
You Got
0%
They Got
Avg Score
48%
Avg Friend Score
Upgrade to see
Score Distribution
Jump to the score distribution portion of the page
Score
0/11
Timer
10:00
0
Plays Today
Installed from
Family name
% Correct
The Sims
Goth
97.2%
The Sims
Newbie
80.3%
The Sims
Pleasant
67.6%
The Sims
Bachelor
64.8%
The Sims
Roomies
49.3%
The Sims: Livin' It Up
Mashuga
32.4%
The Sims: Unleashed
Goth Sr.
32.4%
The Sims: Unleashed
Burb
31%
The Sims: Unleashed
Kat
28.2%
The Sims: Unleashed
Hick
28.2%
The Sims: Unleashed
Charming
19.7%
Quiz Playlist
Details
Report
Send in Message
Add To Playlist
Classic:
Type in answers that appear in a list
Quiz Source
Last Updated: Aug 26, 2020
Quiz Scoreboard
CHALLENGE
Sign Up to Join the Scoreboard
Show All
Scores
Hide
Comments
May contain spoilers
Recently Published
Colored Red Africa Blitz
by spor1
Geography
30s
Find the 'City' Movie
by crazypaving
Movies
60s
5x2 Blitz: Bands
by SL_Kpop136
Music
30s
More to Explore
Quiz From the Vault
Featured Blog Post
14 Easter Pick-up Lines to Find Eggs With
hide this ad
You Might Also Like...
Tags
Video Games Quiz
2000
Best Selling
EA
PC Games
sim
The Sims
Today's Top Quizzes in Gaming
Browse Gaming
hide this ad
Today's Top Quizzes in Video Games
Browse Video Games
Top Contributed Quizzes in Gaming
1
Dead By Daylight Logic Puzzle
2
League of Legends Pro Players by Career/Team History
3
Destiny 2 exotic weapons by perk icons
4
Genshin Impact Logic Puzzle
5
Overwatch 2: Ultimate Ability Icons
6
Genshin Impact Logic Puzzle Quiz II
7
Windmill: Elements
8
Overwatch Logic Puzzle
9
Genshin Impact Logic Puzzle Quiz
10
Genshin murder mystery
Explore More
Trending Topics
Crossword
Anime
Harry Potter
Kpop
Disney
NBA
Marvel
Pokémon
Country
Soccer
WWE
NFL
The Office
Puzzle
Song
hide this ad
More By:
kirundist
Quiz
Plays
Rating
Category
Featured
Created
Warrior Cats trivia (Series 1)
832
5.00
Literature
Nov 11, 2019
Warrior Cats trivia (Series 2)
368
3.67
Literature
Jun 2, 2020
Every song by Glass Animals (updated June 2022)
109
Music
Jun 26, 2022
Ben Folds Five, according to Google Images
82
5.00
Music
Sep 9, 2017
Default families in The Sims
72
4.33
Gaming
Jun 1, 2015
Go to Creator's Profile
Score Distribution
Quiz Creator Spotlight
kirundist
Follow
Send a Message
Quizzes Created
-
Created Quiz Play Count
-
More By This Creator
Popular Quizzes Today
1
Colored Red Africa Blitz
2
Find the 'City' Movie
3
Find the US States - No Outlines Minefield
4
5x2 Blitz: Bands
5
The Countries of the World
6
Find the US States
7
US States
8
9x9 Crossword: Cartoon Network
More Gaming Quizzes
Super Mario Crossword
Editor's Pick
Trending Quizzes
Colored Red Europe Blitz I
Colored Red Europe Blitz II
Colored Red Africa Blitz II
Colored Red Africa Blitz III
Colored Red Europe Blitz III
Recently Updated
Godzilla Movies
pecheneg
Grab Bag: 4-10 Letters
pecheneg
2024 March Madness Bracket
pecheneg
Famous TV Couples
Peacemaker
Champions League XIs: Real Madrid
pecheneg
Largest US Cities 1790-2010
pecheneg
Rides in Walt Disney World
pecheneg
Most Oscar Losses (Acting)
pecheneg
Beyoncé Albums
pecheneg
Leaping Animals
pecheneg
Trending Topics
Disney
Kpop
Harry Potter
NBA
Anime
Marvel
Crossword
Pokémon
Song
Puzzle
The Office
WWE
Country
Soccer
NFL
Your Account Isn't Verified!
In order to create a playlist on Sporcle, you need to verify the email address you used during registration. Go to your
Sporcle Settings
to finish the process.
Report this User
Report this user for behavior that violates our
Community Guidelines
.
Details:
Send Report
Go to the Sporcle.com Mobile Site →
Comments